<The> Long-run determinants of money demand in Slovakia
Dlhodobé determinanty peňažného dopytu na Slovensku. Metodológia. Empirické výsledky.
Na minha lista:
| Autor principal: | |
|---|---|
| Outros Autores: | , |
| Formato: | Capítulo de Livro |
| Idioma: | inglês |
| Assuntos: | |
| Tags: |
Sem tags, seja o primeiro a adicionar uma tag!
|
MARC
| LEADER | 00000naa$a2200000$$$4500 | ||
|---|---|---|---|
| 001 | 0050394 | ||
| 005 | 20240502071559.4 | ||
| 041 | 0 | |a eng | |
| 044 | |a SK | ||
| 245 | 1 | 0 | |a <The> Long-run determinants of money demand in Slovakia |c Martin Lukáčik, Adriana Lukáčiková, Karol Szomolányi |
| 520 | |a Dlhodobé determinanty peňažného dopytu na Slovensku. Metodológia. Empirické výsledky. | ||
| 610 | 2 | 0 | |a dopyt |
| 610 | 2 | 0 | |a peniaze |
| 610 | 2 | 0 | |a metodológia |
| 610 | 2 | 0 | |a metódy kvantitatívne |
| 610 | 2 | 0 | |a metódy kvantitatívne |
| 610 | 2 | 0 | |a Slovensko |
| 100 | 1 | |a Lukáčik, Martin, 1974- | |
| 700 | 1 | |a Lukáčiková, Adriana, 1971- | |
| 700 | 1 | |a Szomolányi, Karol, 1976- | |